[Event "Heusenstamm Sparkassen op-B 7th"]
[Site "Heusenstamm"]
[Date "2021.11.21"]
[Round "6.39"]
[White "Leichum, Engelbert"]
[Black "Jumah, Shayan"]
[Result "0-1"]
[WhiteElo "1603"]
[BlackElo "1264"]
[PlyCount "116"]
[EventDate "2021.11.18"]
[EventType "swiss"]
[EventRounds "7"]
[EventCountry "GER"]
[SourceTitle "EXT 2023"]
[Source "ChessBase"]
[SourceDate "2022.10.05"]
[SourceVersion "1"]
[SourceVersionDate "2022.10.05"]
[SourceQuality "1"]

1. e4 e6 2. d4 d5 3. e5 c5 4. Nf3 Nc6 5. Bd3 cxd4 6. Ng5 h6 7. Qh5 Nxe5 8. Bb5+ Bd7 9. Nxe6 Qe7 10. Bxd7+ Nxd7 11. 0-0 Qxe6 12. Bd2 Ngf6 13. Qh4 Be7 14. Qxd4 0-0 15. Re1 Bc5 16. Qh4 Qf5 17. Kh1 Bxf2 18. Rf1 Bxh4 19. Rxf5 Rfe8 20. Nc3 d4 21. Nb5 Re5 22. Rxe5 Nxe5 23. Nxd4 Rd8 24. c3 Nc4 25. Bf4 Bf2 26. b3 Bxd4 27. cxd4 Rxd4 28. Bc7 Ne3 29. h3 Rd1+ 30. Rxd1 Nxd1 31. Kg1 Nd5 32. Bb8 a6 33. Ba7 N5c3 34. a4 f5 35. Kf1 Ne4 36. Ke2 Ndc3+ 37. Kd3 Kf7 38. h4 h5 39. a5 Nb5 40. Be3 Ned6 41. Bf4 Ke6 42. g3 g6 43. Bg5 Kd5 44. Bd2 Ne4 45. Be1 Nc7 46. Ke3 Ne6 47. Kf3 Nd4+ 48. Kf4 Nxb3 49. Bb4 Nbc5 50. Ba3 Nd3+ 51. Ke3 Ne5 52. Be7 Nxg3 53. Bd8 Ng4+ 54. Kd2 Ne4+ 55. Ke2 Kd6 56. Kf3 Kd7 57. Bb6 Nd2+ 58. Kf4 Nc4 0-1

[Event "GER-ch U12"]
[Site "Willingen"]
[Date "2021.08.23"]
[Round "1"]
[White "Wunderlich, Elias"]
[Black "Jumah, Shayan"]
[Result "1-0"]
[WhiteElo "1657"]
[BlackElo "1275"]
[PlyCount "49"]
[EventDate "2021.08.22"]
[EventType "swiss"]
[EventRounds "9"]
[EventCountry "GER"]
[SourceTitle "EXT 2022"]
[Source "ChessBase"]
[SourceDate "2021.10.06"]
[SourceVersion "1"]
[SourceVersionDate "2021.10.06"]
[SourceQuality "1"]

1. e4 e6 2. d4 d5 3. Nd2 Nf6 4. e5 Nfd7 5. Bd3 c5 6. c3 Nc6 7. Ne2 Be7 8. Nf3 0-0 9. 0-0 c4 10. Bb1 a5 11. Qc2 f5 12. Nf4 Nb6 13. h3 Bd7 14. Kh1 g6 15. Nh2 a4 16. g4 Rf7 17. Rg1 Qe8 18. gxf5 Rxf5 19. Qe2 Rg5 20. Ng4 Kg7 21. h4 h5 22. hxg5 hxg4 23. Nxg6 Qg8 24. Qxg4 Qh7+ 25. Nh4 1-0

[Event "GER-chT School WK GS"]
[Site "Playchess.com INT"]
[Date "2020.06.18"]
[Round "4.1"]
[White "Ehrath, Hendrik"]
[Black "Jumah, Shayan"]
[Result "1-0"]
[WhiteElo "1766"]
[BlackElo "1742"]
[PlyCount "77"]
[EventDate "2020.06.11"]
[EventType "team-swiss (blitz)"]
[EventRounds "7"]
[EventCountry "GER"]
[SourceTitle "EXT 2021"]
[Source "ChessBase"]
[SourceDate "2020.10.23"]
[SourceVersion "1"]
[SourceVersionDate "2020.10.23"]
[SourceQuality "1"]
[WhiteTeam "Sennewitz Sah"]
[BlackTeam "Trier Tarf RP"]
[WhiteTeamCountry "GER"]
[BlackTeamCountry "GER"]

1. e4 e6 2. Nc3 d5 3. exd5 exd5 4. d4 Be7 5. Nf3 Be6 6. Bf4 Nf6 7. Bd3 Nbd7 8. Qe2 0-0 9. Ng5 h6 10. Nxe6 fxe6 11. Qxe6+ Kh8 12. Qe2 Re8 13. 0-0 Bd6 14. Qf3 Bxf4 15. Qxf4 Nh5 16. Qf3 Nhf6 17. Rfe1 c6 18. Bg6 Rxe1+ 19. Rxe1 Nf8 20. Bd3 Qd6 21. g3 Ne6 22. Qe3 Re8 23. Bf5 Nf8 24. Qd2 Rxe1+ 25. Qxe1 b5 26. Ne2 a5 27. Nf4 a4 28. Ng6+ Nxg6 29. Bxg6 c5 30. dxc5 Qxc5 31. Qc3 Qd6 32. Qc8+ Ng8 33. Bf7 Qe6 34. Bxe6 Kh7 35. Qxg8+ Kg6 36. g4 d4 37. Qf7+ Kg5 38. Qf5+ Kh4 39. Qh5# 1-0

[Event "GER Pfingstopen U12"]
[Site "Playchess.com INT"]
[Date "2020.06.02"]
[Round "2"]
[White "Jumah, Shayan"]
[Black "Robelly, David"]
[Result "0-1"]
[WhiteElo "1620"]
[BlackElo "1204"]
[PlyCount "114"]
[EventDate "2020.06.02"]
[EventType "swiss (blitz)"]
[EventRounds "11"]
[EventCountry "GER"]
[SourceTitle "CBM 197 Extra"]
[Source "ChessBase"]
[SourceDate "2020.09.30"]
[SourceVersion "1"]
[SourceVersionDate "2020.09.30"]
[SourceQuality "1"]

1. e4 d6 2. d4 Nf6 3. Nc3 c6 4. Nf3 Bg4 5. Be2 e6 6. h3 Bh5 7. Be3 d5 8. e5 Nfd7 9. Ng5 Bxe2 10. Nxe2 Be7 11. Nf3 0-0 12. Ng3 c5 13. dxc5 Bxc5 14. Bxc5 Nxc5 15. 0-0 Nc6 16. a3 Nd7 17. b4 Ndxe5 18. b5 Nxf3+ 19. Qxf3 Ne5 20. Qf4 Ng6 21. Qg4 Rc8 22. Rac1 Qd7 23. a4 a6 24. bxa6 bxa6 25. Nh5 Rc4 26. f4 Rxa4 27. Rf3 f5 28. Qg5 Qe7 29. Qxe7 Nxe7 30. Re3 Kf7 31. Rg3 g6 32. Rg5 gxh5 33. Rxh5 Rxf4 34. Rxh7+ Kf6 35. Re1 Rf7 36. Rh6+ Ng6 37. g3 Rc4 38. g4 fxg4 39. hxg4 Rxg4+ 40. Kh2 Rh4+ 41. Rxh4 Nxh4 42. Rf1+ Kg6 43. Rg1+ Kf6 44. Rf1+ Nf5 45. Ra1 Ra7 46. Ra4 a5 47. c4 dxc4 48. Rxc4 a4 49. Rc8 a3 50. Rf8+ Ke5 51. Rc8 a2 52. Rc5+ Kf6 53. Rc1 a1Q 54. Rc8 Qe5+ 55. Kg1 Ra2 56. Rf8+ Ke7 57. Rh8 Qe1# 0-1

[Event "GER Pfingstopen U12"]
[Site "Playchess.com INT"]
[Date "2020.06.02"]
[Round "9"]
[White "Roessler, Helena"]
[Black "Jumah, Shayan"]
[Result "1-0"]
[WhiteElo "1620"]
[BlackElo "1620"]
[PlyCount "39"]
[EventDate "2020.06.02"]
[EventType "swiss (blitz)"]
[EventRounds "11"]
[EventCountry "GER"]
[SourceTitle "CBM 197 Extra"]
[Source "ChessBase"]
[SourceDate "2020.09.30"]
[SourceVersion "1"]
[SourceVersionDate "2020.09.30"]
[SourceQuality "1"]

1. e4 e6 2. Nf3 d5 3. Nc3 Nf6 4. exd5 exd5 5. d4 Be7 6. Bb5+ c6 7. Bd3 Be6 8. Bg5 Nbd7 9. 0-0 0-0 10. Ne5 Nxe5 11. dxe5 Nd7 12. Qh5 g6 13. Bxe7 Qxe7 14. Qh6 Nxe5 15. Rfe1 f6 16. Ne2 Qc5 17. Nf4 Bf7 18. Nh5 Qxf2+ 19. Kh1 gxh5 20. Qxh7# 1-0